| 000 | 00881nam a22001817a 4500 | ||
|---|---|---|---|
| 008 | 100721s1964 xxu||||| |||| 00| 0 ara d | ||
| 082 |
_222 _a297.122 _bم د ن |
||
| 100 | 1 |
_916619 _aالمدنى ، محمد محمد |
|
| 245 |
_aالقصص الهادف : _bكما نراه في سورة الكهف / _cمحمد محمد المدنى |
||
| 260 |
_aالقاهرة : _bالمجلس الأعلى للشئون الإسلامية ، _c1964. |
||
| 300 |
_a261 ص ؛ _c22 سم. |
||
| 490 |
_916621 _aاللجنة العامة للقرآن والسنة |
||
| 541 |
_aألف باء ؛ _cشراء ؛ |
||
| 650 |
_916632 _aقرآن _xسور وآيات |
||
| 650 |
_916633 _aقرآن _xأسرار |
||
| 942 |
_2ddc _cBB |
||
| 999 |
_c14523 _d14523 |
||